The Wellesley Hotel - Statistics

General Stats
  • This quiz has been taken 21 times
  • The average score is 8 of 15
Answer Stats
room number Answer % Correct
403 Charlie Chaplin
100%
701 Churchill
100%
301 Charleston
67%
107 Ella Fitzgerald
67%
401 Evelyn Waugh
67%
503 Rudolph Valentino
67%
104 Cecil Beaton
33%
501 Duke Ellington
33%
405/6 Greta Garbo
33%
303 Howard Carter
33%
103 Ivor Novello
33%
201 Josephine Baker
33%
203 Louis Armstrong
33%
101 Noel Coward
33%
601/602 The Wellesley
33%
No matching quizzes found
Score Distribution
Percent of People with Each Score
Percentile by Number Answered
Your Score History
You have not taken this quiz